Trinität und Zukunft: zum Verhältnis von Philosophie und Trinitätstheologie im Denken Wolfhart Pannenbergs

Zapisane w:
Opis bibliograficzny
1. autor: Vechtel, Klaus (Autor)
Format: Książka
Język:niemiecki
Wydane: Frankfurt am Main Josef Knecht 2001
Seria:Frankfurter Theologische Studien, 62
Hasła przedmiotowe:
Etykiety: Dodaj etykietę
Nie ma etykietki, Dołącz pierwszą etykiete!

MARC

LEADER 00000cam a2200000 a 4500
001 UCE7805
003 CL-VaPUC
008 150710e20010000gw |||||||||||||||||ger|d
020 |a 3782008626 
082 0 4 |a 231.044  |b VEC  |2 21 
100 0 |a Vechtel, Klaus  |e author  |9 580527 
245 1 0 |a Trinität und Zukunft: zum Verhältnis von Philosophie und Trinitätstheologie im Denken Wolfhart Pannenbergs 
300 |a 291 p 
942 |c BK 
945 |d 20150710 13:45:00  |a cmena 
260 |a Frankfurt am Main  |b Josef Knecht  |c 2001 
650 7 |a SANTISIMA TRINIDAD  |2 CL-VaPUC  |9 479104 
650 0 |a Teología cristiana  |9 308336 
650 0 |a Filosofía cristiana   |9 265980 
583 |a last modification  |c 20150710 13:45:00  |k Rodrigo Vera 
490 0 |a Frankfurter Theologische Studien, 62 
999 |c 359824  |d 359822 
952 |0 0  |1 0  |3 erb  |4 0  |6 231_044000000000000_VEC_2001  |7 0  |8 A  |9 469375  |a BIBTEO  |b BIBTEO  |e Casale Rolle, Carlos Ignacio, -2014  |i 5184061  |o 231.044 VEC 2001  |p 5184061  |r 2025-01-17  |w 2019-11-23  |y BK  |z Catalogado en:20150710  |k ICR